000 00747nam a2200229 a 4500
001 27129
003 BD-RjUL
005 20211209051121.0
008 140324s1959 ii c 010 0deng c
035 _a(BD-RjUL)27200
040 _aRochester. Univ. Libr.
_cEYW
_dBD-RjUL
_beng
041 _aeng
082 _a954.09
_bMAU 1959
090 _aDS481.A9
_bH3
245 1 0 _aMaulana Abul Kalam Azad :
_ba memorial volume /
_cedited by Humayun Kabir.
260 _aBombay ;
_aNew York :
_bAsia Pub. House,
_c1959.
300 _aix, 241 p. :
_bport. (front.) ;
_c22 cm.
600 1 0 _aĀzād, Abūlkalām,
_d1888-1958.
_960091
651 0 _aIndia
_xPolitics and government
_y1919-1947.
_983298
700 _aHumayun Kabir,
_q1906-1969
_922273
942 _2ddc
_cBK
999 _c27129
_d27129